| 000 | 01164cam a2200313 i 4500 | ||
|---|---|---|---|
| 999 |
_c24583 _d24583 |
||
| 001 | 16741812 | ||
| 003 | OSt | ||
| 005 | 20170128162150.0 | ||
| 008 | 110419t20132013caua 001 0 eng | ||
| 010 | _a 2011927800 | ||
| 020 | _a9781133108948 (student edition) | ||
| 020 | _a1133108946 (student edition) | ||
| 040 |
_aDLC _beng _erda _cDLC |
||
| 042 | _apcc | ||
| 050 | 0 | 0 |
_aQA37.3 _b.T358 2013 |
| 100 | 1 |
_aTan, S. T. _q(Soo Tang), _eauthor. |
|
| 240 | 1 | 0 | _aMathematics for the managerial, life, and social sciences |
| 245 | 1 | 0 |
_aApplied mathematics for the managerial, life, and social sciences / _cSoo T. Tan, Stonehill College. |
| 250 | _aEdition 6. | ||
| 264 | 1 |
_aBelmont, CA : _bBrooks Cole/Cengage Learning, _c[2013] |
|
| 264 | 4 | _c©2013 | |
| 300 |
_axxiv, 941 pages : _bcolor illustrations ; _c29 cm |
||
| 336 |
_atext _btxt _2rdacontent |
||
| 337 |
_aunmediated _bn _2rdamedia |
||
| 338 |
_avolume _bnc _2rdacarrier |
||
| 500 | _aIncludes indexes. | ||
| 650 | 0 |
_aMathematics _vTextbooks. |
|
| 906 |
_a7 _bcbc _corignew _d3 _eepcn _f20 _gy-gencatlg |
||
| 942 |
_2lcc _cBOOKS _hQA 37.3 .T36 2013 |
||